| 000 | 00569nam a2200193Ia 4500 | ||
|---|---|---|---|
| 999 |
_c8040 _d8040 |
||
| 003 | OSt | ||
| 005 | 20200114150200.0 | ||
| 008 | 190216s9999||||xx |||||||||||||| ||und|| | ||
| 020 | _a9788131516201 | ||
| 020 | _a8131516202 | ||
| 040 | _coclc | ||
| 082 |
_a302.35 _bCUM/T |
||
| 100 | 1 |
_aCummings, Thomas G. _91205 |
|
| 245 | 0 |
_aTheory Of Organization Development And Change / _cThomas G Cummings ; Cristopher G Worli |
|
| 250 | _a9th ed. | ||
| 260 |
_bCengage Learning _c2012 |
||
| 300 | _a811 | ||
| 942 |
_cBK _2ddc _h302.35 _iCUM/T _k302.35 _mCUM/T |
||